01010nam a2200301 4500003000400000005001700004008004100021020001800062040001800080041000800098050001900106100005500125245009300180264007800273300004100351336002200392337002400414338002400438650002400462650002400486650002700510650003000537650003700567700003000604700004200634942001500676999001700691OSt20260530115313.0260507b2008 nyu |||| |||| 00| 0 eng d a9781402760082 aICIbspacICI aeng aBF241.O65bO671 aGyles Brandreth, Michael A. DiSpezio Et Alt93304810aOptical illusions :bchallenge your visual thinking /cKeith Kay ; Charles H. Paraquín 1aNew York :Sterling Innovation LondonbSterling Publishing Co., Inc.c2008 aviii, 280 páginas :bilustraciones atexto2rdacontent asin medio2rdamedia avolumen2rdacarrier 4aIlusiones ópticas 4aPercepción visual 4aJuegos visuales933051 4aAcertijos visuales933052 4aEntretenimiento educativo9330531 aKay, Keith,eautor9330541 aParaquín, Charles H.,eautor933055 2lcccBKn1 c13433d13433